000 01078nam a22002537a 4500
999 _c261287
_d223397113
003 OSt
005 20190819135841.0
008 190819b ||||| |||| 00| 0 eng d
082 _aT 616.075 P433e 2018
100 _91014
_aPerdomo Brito, María Antonia
245 _aEvaluación de un sistema de gestión de calidad basado en las normas de la ISO 9001-2015 laboratorios clínicos de San Pedro de Macorís, República Dominicana enero - junio 2018 /
_cMaría Antonia Perdomo Brito, Jamil Susana Mercedes Stein; asesora Juana Caines
260 _aSan Pedro de Macorís:
_bUniversidad Central del Este
300 _a1v. (en varias numeraciones)
502 _aTesis (Licenciado en Bioanálisis)-- Universidad Central del Este, 2018
504 _aIncluye bibliografía, índice y anexos
650 _aLaboratorios clínicos - Normas
650 _aControl de calidad
650 _aNorma ISO
650 _aTesis y disertaciones académicas
650 _aTC 6203
700 _aMercedes Stein, Jamil Susana
700 _aCaines, Juana, asesora
942 _2ddc
_cTH